The functional analysis of english: a Hallidayan approach

Guardat en:
Dades bibliogràfiques
Autors principals: Bloor, Thomas (Autor), Bloor, Meriel (Autor)
Format: Llibre
Idioma:anglès
Publicat: Londres Arnold 2004
Edició:2a. ed
Matèries:
Etiquetes: Afegir etiqueta
Sense etiquetes, Sigues el primer a etiquetar aquest registre!

MARC

LEADER 00000nam a2200000 a 4500
001 UCK3661
003 CL-VaPUC
008 050506e20040000UK |||||||||||||||||eng|d
020 |a 034080680X 
082 0 4 |a 428  |b BLO  |2 21 
100 0 |a Bloor, Thomas  |e author  |9 491865 
700 0 |a Bloor, Meriel  |e author  |9 491866 
245 1 4 |a The functional analysis of english: a Hallidayan approach 
250 |a 2a. ed 
300 |a 315 p 
942 |c BK 
945 |d 20050506 00:00:00  |a cmena 
260 |a Londres  |b Arnold  |c 2004 
650 0 |a Lengua inglesa  |9 318842 
650 0 |a Gramática funcional   |9 464898 
650 7 |a ESTRUCTURA GRAMATICAL  |2 CL-VaPUC  |9 419974 
650 0 |a Lingüística aplicada   |9 313266 
650 0 |a Lengua inglesa  |9 318842 
650 0 |a Análisis del discurso  |9 256696 
583 |a last modification  |c 20050506 00:00:00  |k Rodrigo Vera 
999 |c 312779  |d 312777 
952 |0 0  |1 0  |4 0  |6 428_000000000000000_BLO_2004  |7 0  |8 A  |9 383608  |a FDOPOS  |b FDOPOS  |d 2019-11-21  |i 4117212  |o 428 BLO 2004  |p 4117212  |r 2025-01-22  |w 2019-11-21  |y BK  |k MLA